Kodak Black Discography - Statistics

General Stats
  • This quiz has been taken 72 times
    30 since last reset
  • The average score is 5 of 14
Answer Stats
Year Name Type % Correct
2013 Project Baby Mixtape
83%
2017 Project Baby 2 Mixtape
56%
2018 Dying to Live Album
44%
2014 Heart of the Projects Mixtape
44%
2017 Painting Pictures Album
44%
2022 Back for Everything Album
39%
2015 Institution Mixtape
33%
2016 Lil B.I.G. Pac Mixtape
28%
2020 Bill Israel Album
22%
2018 Heart Break Kodak Mixtape
22%
2017 F.E.M.A. Collaborative Mixtape
17%
2021 Haitian Boy Kodak Mixtape
17%
2021 Happy Birthday Kodak EP
17%
2017 Baptized N Blood Compilation
6%
No matching quizzes found
Score Distribution
Percent of People with Each Score
Percentile by Number Answered
Your Score History
You have not taken this quiz since the last reset